[Event "Euro Online U2300 Day 2"]
[Site "chess.com INT"]
[Date "2020.05.26"]
[Round "8"]
[White "Roque, Gaetan"]
[Black "Skliarov, Viktor"]
[Result "1-0"]
[BlackTitle "IM"]
[WhiteElo "2128"]
[BlackElo "2376"]
[WhiteFideId "20666934"]
[BlackFideId "14106736"]
[EventDate "2020.05.26"]

1. d4 Nf6 2. c4 e6 3. Nf3 b6 4. e3 Bb7 5. Nc3 Bb4 6. Be2 O-O 7. O-O Bxc3 8. bxc3
Ne4 9. Qc2 f5 10. a4 a5 11. Ba3 Rf6 12. Rab1 Rh6 13. c5 Ng5 14. Qd1 Be4 15. Nxg5
Qxg5 16. Bf3 Qh4 17. h3 Rg6 18. Kh2 Bxb1 19. Bxa8 Be4 20. Bxe4 Qxe4 21. Qf3 bxc5
22. Qxe4 fxe4 23. Bxc5 d6 24. Ba3 Nc6 25. Rb1 Rf6 26. Kg3 Kf8 27. Rb7 Rf7 28. f3
exf3 29. gxf3 Ke8 30. Kf2 Kd7 31. Ke2 Rf6 32. Kf2 e5 33. d5 Ne7 34. e4 Ng6 35.
Bc1 Nh4 36. f4 exf4 37. c4 Ng6 38. Bd2 Kc8 39. Ra7 Kb8 40. Rxa5 Ne5 41. Rb5+ Kc8
42. a5 Nd3+ 43. Kf3 Rf8 44. a6 Kd7 45. a7 Ra8 46. Rb7 Nc5 47. Rb8 Rxa7 48. Rg8
Ra3+ 49. Kxf4 Rxh3 50. Rxg7+ Kc8 51. e5 Nd3+ 52. Ke4 Nxe5 53. c5 Rh4+ 54. Kf5
Rh5+ 55. Ke6 dxc5 56. Bf4 Nc4 57. Rxc7+ Kd8 58. Rxc5 Nb2 59. Rb5 1-0

[Event "Euro Online U2300 Day 2"]
[Site "chess.com INT"]
[Date "2020.05.26"]
[Round "8"]
[White "Krallis, Christos"]
[Black "Mirimanian, Hayk"]
[Result "0-1"]
[BlackTitle "FM"]
[WhiteElo "2284"]
[BlackElo "2268"]
[WhiteFideId "4298896"]
[BlackFideId "4700180"]
[EventDate "2020.05.26"]

1. d4 d5 2. c4 dxc4 3. Nf3 Nf6 4. g3 c5 5. Bg2 Nc6 6. Qa4 cxd4 7. Nxd4 Qxd4 8.
Bxc6+ Bd7 9. Bxd7+ Qxd7 10. Qxc4 Rc8 11. Qf4 Nd5 12. Qd2 Nb4 13. Na3 e5 14.
Qxd7+ Kxd7 15. O-O Ke6 16. Nb5 Bc5 17. Nc3 Rhd8 18. Kg2 a6 19. f4 f5 20. fxe5
Bd4 21. Bg5 Rd7 22. Rad1 h6 23. Bd2 Bxe5 24. Na4 Nd5 25. Rc1 Rdc7 26. Rxc7 Rxc7
27. Rc1 Rxc1 28. Bxc1 Bd4 29. b3 b5 30. Nb2 Nc3 31. Nd3 Nxa2 32. Bd2 g5 33. h4
Kf6 34. Kf3 Bc3 35. Be3 Nb4 36. Nc5 a5 37. Bc1 Nc6 38. e4 Nd4+ 39. Kf2 Bb4 40.
Nd7+ Ke6 41. Nb8 Nxb3 42. Be3 Bc5 43. hxg5 hxg5 44. Na6 Bxe3+ 45. Kxe3 b4 46.
Nc7+ Kd6 47. Ne8+ Ke7 48. Nc7 fxe4 49. Kxe4 Kd7 50. Nd5 Kc6 51. g4 Kc5 52. Nf6
a4 53. Nd7+ Kc4 54. Ne5+ Kc3 55. Nd7 a3 56. Nb6 a2 57. Nd5+ Kc4 58. Ne3+ Kc3 59.
Nd5+ Kb2 0-1

[Event "Euro Online U2300 Day 2"]
[Site "chess.com INT"]
[Date "2020.05.26"]
[Round "8"]
[White "Hasanagic, Alim"]
[Black "De Verdier, Michael"]
[Result "1/2-1/2"]
[WhiteTitle "CM"]
[BlackTitle "FM"]
[WhiteElo "2225"]
[BlackElo "2291"]
[WhiteFideId "14605198"]
[BlackFideId "1710516"]
[EventDate "2020.05.26"]

1. d4 Nf6 2. Bg5 e6 3. Nd2 h6 4. Bh4 d5 5. e3 Be7 6. Bxf6 Bxf6 7. f4 b6 8. c3
O-O 9. Ngf3 Ba6 10. Bxa6 Nxa6 11. O-O c5 12. Ne5 Bxe5 13. fxe5 f5 14. exf6 Rxf6
15. Qa4 Nc7 16. Qc6 Rxf1+ 17. Rxf1 Qe7 18. dxc5 Qxc5 19. Qxc5 bxc5 20. e4 Rb8
21. b3 c4 22. bxc4 Rb2 23. Rd1 Rxa2 24. cxd5 exd5 25. c4 dxe4 26. Nxe4 Rc2 27.
Nd6 Ne6 28. Ra1 Rd2 29. Nf5 Rc2 30. Ne3 Re2 31. Ra3 Nd4 32. Kf1 Kh7 33. h3 a5
34. Nd5 Rc2 35. Ne3 Rc1+ 36. Kf2 Nc6 37. Rb3 Ra1 38. Rb6 Nd4 39. c5 Rc1 40. c6
Rxc6 41. Rb7 Rf6+ 42. Kg1 Ne2+ 43. Kh2 Nc3 44. Ng4 Re6 45. h4 a4 46. Ra7 Re4 47.
Kh3 Rb4 48. h5 Rb6 49. g3 Re6 50. Ra5 Rb6 51. Ra7 Rd6 52. Ne3 Rf6 53. Kg2 Ne4
54. g4 Nc5 55. Nf5 Ne6 56. Rxa4 g6 57. Ra7+ Kh8 58. hxg6 Rxg6 59. Kg3 Ng7 60.
Nh4 Rb6 61. Kf4 Rb4+ 62. Kg3 Rb6 63. Ra8+ Kh7 64. Ra7 Kh8 1/2-1/2

[Event "Euro Online U2300 Day 2"]
[Site "chess.com INT"]
[Date "2020.05.26"]
[Round "8"]
[White "Laptii, Nazar"]
[Black "Materia, Marco"]
[Result "0-1"]
[BlackTitle "FM"]
[WhiteElo "2180"]
[BlackElo "2269"]
[WhiteFideId "14174332"]
[BlackFideId "45150451"]
[EventDate "2020.05.26"]

1. e4 e5 2. Nc3 Nc6 3. g3 Nf6 4. Bg2 Bc5 5. Nge2 O-O 6. O-O a6 7. d3 h6 8. h3 d6
9. Kh2 Re8 10. f4 Nd4 11. f5 c6 12. g4 Nh7 13. Ng3 b5 14. Nh5 b4 15. Ne2 d5 16.
Neg3 Ra7 17. f6 g6 18. Bxh6 gxh5 19. Nxh5 Bf8 20. Be3 Rb7 21. Qd2 Kh8 22. Rf2
Be6 23. Rg1 dxe4 24. Bxe4 Bd5 25. Bxh7 Kxh7 26. Bxd4 exd4 27. Qg5 Qd6+ 28. Ng3
Qe5 29. Rf5 Qe3 30. Qh4+ Bh6 31. Rgf1 Rg8 32. R5f2 Qg5 33. Qxg5 Bxg5 34. Re2
Rbb8 35. Nf5 Bxf6 36. Nd6 Bd8 37. Nxf7 Bc7+ 38. Kg1 Rge8 39. Ng5+ Kg6 40. Ne4
Bxe4 41. dxe4 Re6 42. Rf5 Rbe8 43. Ref2 d3 44. Kg2 Bb6 45. Rd2 Rxe4 46. Rxd3
Re2+ 47. Kg3 R8e6 48. h4 Rxc2 49. h5+ Kh6 50. Rf8 Rxb2 51. Rh8+ Kg7 52. Rc8 Bf2+
53. Kf4 Bh4 54. Rd7+ Re7 55. Rxe7+ Bxe7 56. Rc7 Kf8 57. Rxc6 Rxa2 58. g5 b3 59.
h6 b2 60. h7 Kg7 61. Rh6 Kh8 62. g6 Bf8 63. Kg5 b1=Q 0-1

[Event "Euro Online U2300 Day 2"]
[Site "chess.com INT"]
[Date "2020.05.26"]
[Round "8"]
[White "Ibrahimli, Murad"]
[Black "Martirosyan, Haik M."]
[Result "1-0"]
[WhiteTitle "IM"]
[BlackTitle "GM"]
[WhiteElo "2436"]
[BlackElo "2617"]
[WhiteFideId "13410229"]
[BlackFideId "13306553"]
[EventDate "2020.05.26"]

1. d4 b6 2. c4 Bb7 3. Nc3 g6 4. e4 Bg7 5. Nf3 e6 6. Bf4 d6 7. Qd2 Nd7 8. O-O-O
h6 9. h3 Ne7 10. g4 a6 11. Kb1 e5 12. Bg3 Nc6 13. d5 Ne7 14. h4 Nf6 15. Nh2 Bc8
16. f3 Bd7 17. Bd3 Rb8 18. Qe2 c5 19. dxc6 Nxc6 20. Bf2 Nd4 21. Qd2 b5 22. cxb5
axb5 23. g5 hxg5 24. hxg5 Nh7 25. Rdg1 b4 26. Nd5 b3 27. a3 Be6 28. Bxd4 exd4
29. f4 Nf8 30. Nf3 Rxh1 31. Rxh1 Nd7 32. Bc4 Nb6 33. Nxb6 Qxb6 34. Bxe6 fxe6 35.
e5 dxe5 36. Qd3 exf4 37. Qxg6+ Kf8 38. Qe4 Qb7 39. Qxe6 Re8 40. Qf5+ Qf7 41. Qb5
Qg6+ 42. Ka1 Qc2 43. g6 Rc8 44. Nd2 Qxg6 45. Rf1 Bh6 46. Nxb3 d3 47. Nd2 Qe6 48.
Nf3 Kg8 49. Qxd3 Kh8 50. Rh1 Qf6 51. Qd4 Qxd4 52. Nxd4 Kh7 53. Nf5 f3 54. Nxh6
Kg6 55. Ng4 Kf5 56. Nh2 Rh8 57. Rf1 Rxh2 58. Rxf3+ Ke4 59. Rc3 Kd4 60. Ka2 Rh5
61. a4 Ra5 62. Ka3 Ra8 63. Rh3 Kc4 64. Rh4+ Kc5 65. b4+ Kd5 66. a5 Rh8 67. Rxh8 1-0

[Event "Euro Online U2300 Day 2"]
[Site "chess.com INT"]
[Date "2020.05.26"]
[Round "8"]
[White "Berdnyk, Mariia"]
[Black "Rabatin, Jakub"]
[Result "1-0"]
[WhiteTitle "FM"]
[BlackTitle "FM"]
[WhiteElo "2324"]
[BlackElo "2271"]
[WhiteFideId "14137054"]
[BlackFideId "329517"]
[EventDate "2020.05.26"]

1. c4 Nf6 2. Nf3 g6 3. g3 Bg7 4. Bg2 O-O 5. O-O d6 6. Nc3 a6 7. d3 c5 8. h3 Nc6
9. e4 Rb8 10. a4 Bd7 11. Be3 e5 12. Nd2 Nd4 13. a5 b6 14. axb6 Rxb6 15. Ra2 Qb8
16. Qa1 Qb7 17. Bg5 Bc6 18. Bxf6 Bxf6 19. Nd5 Bxd5 20. cxd5 Nc2 21. Qb1 Nb4 22.
Ra3 Qe7 23. Nc4 Rbb8 24. Qd1 Bg7 25. Qe2 f5 26. exf5 gxf5 27. Na5 Qf6 28. Nc6
Rb6 29. b3 f4 30. Bf3 Qg5 31. g4 Qh4 32. Kg2 Qf6 33. Ra4 Kh8 34. Nxb4 Rxb4 35.
Rxb4 cxb4 36. Rc1 e4 37. dxe4 Qd8 38. Qxa6 Be5 39. Qb7 Qf6 40. Rc7 Qg6 41. Qxb4
h5 42. Qb7 hxg4 43. hxg4 Bg7 44. Rc8 Rxc8 45. Qxc8+ Kh7 46. b4 Qh6 47. b5 Bd4
48. Qf5+ Qg6 49. Qxf4 Kg7 50. Qf5 Qxf5 51. gxf5 Kf6 52. Be2 Kg5 53. Kg3 Be5+ 54.
Kf3 Bd4 55. Bd3 Kf6 56. Kg3 Bb6 57. f4 Bd4 58. Kg4 Bb6 59. Bc4 Bd4 60. e5+ dxe5
61. fxe5+ Kxe5 62. Kg5 Be3+ 63. Kg6 Kd6 64. f6 Kc7 65. f7 Bc5 66. Kg7 1-0

[Event "Euro Online U2300 Day 2"]
[Site "chess.com INT"]
[Date "2020.05.26"]
[Round "8"]
[White "Salna, Aleksandras"]
[Black "Spyropoulos, Nikolaos"]
[Result "0-1"]
[BlackTitle "FM"]
[WhiteElo "2063"]
[BlackElo "2403"]
[WhiteFideId "12807575"]
[BlackFideId "4298977"]
[EventDate "2020.05.26"]

1. d4 Nf6 2. c4 e6 3. Nc3 Bb4 4. Qc2 Nc6 5. Nf3 d6 6. a3 Bxc3+ 7. Qxc3 O-O 8. g3
e5 9. Bg2 Re8 10. O-O Ne4 11. Qd3 Nf6 12. dxe5 dxe5 13. Qxd8 Rxd8 14. Be3 Be6
15. b3 h6 16. Rfd1 Kf8 17. Ne1 Na5 18. Rxd8+ Rxd8 19. Rb1 b6 20. Nd3 Bf5 21. Bf1
Ne4 22. Rb2 f6 23. f3 Nc3 24. Bd2 Nxe2+ 25. Bxe2 Bxd3 26. Bxa5 Bxe2 27. Bb4+ c5
28. Rxe2 cxb4 29. axb4 Rd3 30. Kf2 Rxb3 31. b5 Rc3 32. Re4 Rc2+ 33. Kg1 Kf7 34.
f4 Ke6 35. fxe5 fxe5 36. g4 Rd2 37. Re3 Rd4 38. h3 Rxc4 39. Ra3 Rc7 40. Kf2 e4
41. Ke3 Ke5 42. Rb3 g5 43. Ra3 Rd7 44. Ke2 Kf4 45. Rc3 Rd5 46. Rb3 Rc5 47. Rb4
Rc2+ 48. Kd1 Rc3 49. Ra4 Rxh3 50. Rxa7 Rb3 51. Rh7 Rxb5 52. Rxh6 Kxg4 53. Ke2
Kf4 54. Rf6+ Ke5 55. Rf8 Rb2+ 56. Ke3 Rb3+ 57. Ke2 b5 58. Rg8 Kf4 59. Rf8+ Kg3
60. Re8 e3 61. Re5 g4 62. Re4 b4 63. Re8 Kg2 64. Rg8 g3 65. Rg7 Rb1 66. Kxe3 b3
67. Kf4 Rf1+ 68. Kg4 b2 69. Kh4 Rh1+ 70. Kg4 b1=Q 71. Rh7 Qxh7 72. Kg5 Rh5+ 73.
Kg4 Qf5# 0-1

[Event "Euro Online U2300 Day 2"]
[Site "chess.com INT"]
[Date "2020.05.26"]
[Round "8"]
[White "Samadov, Read"]
[Black "Timagin, Petr"]
[Result "1/2-1/2"]
[WhiteTitle "CM"]
[BlackTitle "FM"]
[WhiteElo "2332"]
[BlackElo "2337"]
[WhiteFideId "13417444"]
[BlackFideId "4137698"]
[EventDate "2020.05.26"]

1. d4 Nf6 2. c4 g6 3. g3 Bg7 4. Bg2 O-O 5. Nc3 d6 6. Nf3 Nc6 7. O-O Bf5 8. d5
Na5 9. Nd2 c6 10. b4 Nxc4 11. Nxc4 Nxd5 12. Nxd5 Bxa1 13. Bh6 Bg7 14. Bxg7 Kxg7
15. Nde3 Be6 16. Qd2 Bxc4 17. Nxc4 d5 18. Na5 Qb6 19. e4 dxe4 20. Bxe4 Rad8 21.
Qc3+ Qd4 22. Rc1 Qxc3 23. Rxc3 Rd4 24. Rc4 Rxc4 25. Nxc4 Rd8 26. Bc2 b6 27. Ne5
Rd6 28. Bb3 f6 29. Nc4 Rd4 30. Kf1 e5 31. Ke2 f5 32. f3 Kf6 33. a3 h5 34. Ke3 g5
35. Nd2 h4 36. Bc2 h3 37. g4 fxg4 38. Ne4+ Rxe4+ 39. Bxe4 g3 40. hxg3 h2 41. f4
exf4+ 42. gxf4 gxf4+ 43. Kxf4 c5 44. bxc5 bxc5 45. Bh1 Ke6 46. Ke4 Kd6 47. Kd3
Kc7 48. Kc4 Kb6 49. Bd5 Ka5 50. Kb3 Kb5 51. Kc3 Ka4 52. Kb2 c4 53. Bc6+ Ka5 54.
Kc3 Kb6 55. Bh1 Kb5 56. Bd5 Ka4 57. Kb2 Kb5 58. Bg2 Kc5 59. Kc3 Kb5 60. Bh1 Ka4
61. Kb2 Kb5 62. Ba8 Kc5 63. Kc2 Kb5 64. Be4 Ka4 65. Kb2 c3+ 66. Ka2 c2 67. Bxc2+
Kb5 68. Be4 Kc4 69. Kb2 a5 70. Kc2 Kd4 71. Bh1 a4 72. Bg2 Kc4 73. Bc6 Kd4 74.
Kb2 Kc4 75. Bh1 Kd4 76. Bg2 Kc4 77. Kc2 Kd4 78. Bf3 Kc4 79. Bc6 Kd4 80. Bb7 Kc4
81. Bh1 Kd4 82. Kd2 Kc4 83. Kc2 Kd4 1/2-1/2

[Event "Euro Online U2300 Day 2"]
[Site "chess.com INT"]
[Date "2020.05.26"]
[Round "8"]
[White "Karacsonyi, Gellert"]
[Black "Nalbant, Tuna Onat"]
[Result "0-1"]
[WhiteTitle "FM"]
[BlackTitle "IM"]
[WhiteElo "2292"]
[BlackElo "2372"]
[WhiteFideId "764620"]
[BlackFideId "6372821"]
[EventDate "2020.05.26"]

1. e4 c6 2. d4 d5 3. exd5 cxd5 4. Bd3 g6 5. c3 Bg7 6. Nf3 Nh6 7. O-O O-O 8. Re1
Bf5 9. Bf4 Nc6 10. Qd2 Bxd3 11. Bxh6 Bf5 12. Bxg7 Kxg7 13. Na3 Qb6 14. c4 Be4
15. Ng5 Qxd4 16. Qxd4+ Nxd4 17. Rad1 Nc2 18. Nxc2 Bxc2 19. Rxd5 Bf5 20. Nf3 Be6
21. Rd4 h6 22. b3 Rfd8 23. Kf1 a5 24. Red1 Rxd4 25. Nxd4 Bd7 26. Ke2 a4 27. b4
e5 28. Nf3 Bg4 29. h3 Be6 30. Rc1 f6 31. a3 Rc8 32. c5 Bd5 33. g3 Kf7 34. Nd2
Ke6 35. Nb1 Bb3 36. Nd2 Bd5 37. Nb1 f5 38. Rd1 Rd8 39. Ke3 g5 40. f4 gxf4+ 41.
gxf4 Rg8 42. fxe5 Rg3+ 43. Kf2 Rxh3 44. b5 Rb3 45. c6 bxc6 46. bxc6 Bxc6 47.
Rd6+ Kxe5 48. Rxc6 Rxb1 49. Rxh6 Rb2+ 50. Ke1 Rb3 51. Rh4 Rxa3 52. Ke2 f4 53.
Rh8 Re3+ 54. Kf2 a3 55. Ra8 Kd4 56. Ra4+ Ke5 57. Ra5+ Ke4 58. Ra4+ Kf5 59. Ra8
Rb3 60. Ra7 Ke4 61. Ra4+ Kd3 62. Rxf4 a2 63. Ra4 Rb2+ 64. Kf3 Kc3 65. Ke3 Kb3
66. Ra8 Rh2 67. Rb8+ Ka3 68. Ra8+ Kb2 69. Rb8+ Kc1 70. Rc8+ Kb1 71. Rb8+ Rb2 0-1

[Event "Euro Online U2300 Day 2"]
[Site "chess.com INT"]
[Date "2020.05.26"]
[Round "8"]
[White "Krivenko, Sergey"]
[Black "Gavilan Diaz, Mario"]
[Result "1-0"]
[BlackTitle "FM"]
[WhiteElo "2279"]
[BlackElo "2278"]
[WhiteFideId "24124753"]
[BlackFideId "2260905"]
[EventDate "2020.05.26"]

1. d4 Nf6 2. c4 c5 3. d5 e6 4. Nc3 exd5 5. cxd5 d6 6. g3 g6 7. Bg2 Bg7 8. Nf3
O-O 9. O-O Re8 10. Nd2 Na6 11. Nc4 Nc7 12. a4 b6 13. Re1 Ba6 14. Na3 Ng4 15. h3
Ne5 16. Bf4 g5 17. Be3 Ng6 18. Qc1 h6 19. Qc2 Qd7 20. Kh2 f5 21. Bf3 Rf8 22. Bd2
Be5 23. Bg2 Qg7 24. Nab5 Bb7 25. e3 Na6 26. f4 Nb4 27. Qb1 a6 28. Na3 Bf6 29.
Qxf5 Bc8 30. Qb1 Ne7 31. Nc4 gxf4 32. exf4 Nf5 33. g4 Nd4 34. Be4 Qc7 35. Ne2
Nb3 36. Ra3 Nxd2 37. Nxd2 Rb8 38. Rf3 b5 39. axb5 axb5 40. Nc3 Qg7 41. Rg1 Bd4
42. Rg2 Bd7 43. Bf5 Rbe8 44. Nde4 Qe7 45. Ng3 Qf7 46. Bxd7 Qxd7 47. Qg6+ Qg7 48.
Qxg7+ Bxg7 49. Nf5 Rd8 50. Re3 Bf6 51. Re6 Bxc3 52. bxc3 Nxd5 53. Rf2 Kh7 54.
Rxh6+ Kg8 55. Rxd6 Rxd6 56. Nxd6 Nxc3 57. f5 b4 58. f6 b3 59. g5 Rd8 60. g6 Nd5
61. f7+ Kg7 62. Ne8+ Kf8 63. g7+ Ke7 64. f8=Q+ Kd7 65. Qd6+ Kc8 66. Qc6+ Kb8 67.
Rf7 Ne7 68. Rxe7 Rd2+ 69. Kg3 Rd3+ 70. Kh4 Rd4+ 71. Kh5 Rb4 72. Qc7+ Ka8 73.
Qa7# 1-0

[Event "Euro Online U2300 Day 2"]
[Site "chess.com INT"]
[Date "2020.05.26"]
[Round "8"]
[White "Hadzimanolis, Antonios"]
[Black "Jakubowska, Anna"]
[Result "1/2-1/2"]
[WhiteTitle "FM"]
[BlackTitle "WIM"]
[WhiteElo "2214"]
[BlackElo "2073"]
[WhiteFideId "4202813"]
[BlackFideId "1121952"]
[EventDate "2020.05.26"]

1. Nf3 f5 2. c4 Nf6 3. Nc3 g6 4. g3 Bg7 5. Bg2 O-O 6. O-O d6 7. d4 Nc6 8. d5 Ne5
9. Nxe5 dxe5 10. e4 e6 11. Bg5 h6 12. Bxf6 Qxf6 13. Nb5 Qf7 14. d6 c5 15. Nc7
Rb8 16. Qa4 a6 17. Rad1 Rd8 18. b4 cxb4 19. c5 Bd7 20. Qxb4 Bf8 21. Rfe1 f4 22.
Qc3 Bg7 23. Bh3 Rf8 24. Rd2 h5 25. Rb1 g5 26. Bf1 Bc6 27. Qc4 Bd7 28. Nxa6 bxa6
29. Rxb8 Rxb8 30. c6 fxg3 31. hxg3 Rc8 32. cxd7 Qxd7 33. Qxa6 Rc1 34. Kg2 g4 35.
Bc4 Qf7 36. Be2 Bf6 37. Qa3 Rc8 38. d7 Rf8 39. Bc4 Bg5 40. Qb3 Kh8 41. Bxe6 Qf6
42. Re2 Qf3+ 43. Qxf3 gxf3+ 44. Kf1 fxe2+ 45. Kxe2 Bd8 46. a4 Rf6 47. Bf5 Ra6
48. f4 Rxa4 49. fxe5 Kg7 50. Kf3 Kf7 51. Kf4 Ra3 52. e6+ Ke7 53. Kg5 Rxg3+ 54.
Kxh5 Kd6 55. Bg4 Rg1 56. Bf5 Ke5 57. Kh6 Kf6 58. Kh5 Rg2 59. Bg4 Ke5 60. Bf5 Rg8
61. Kh6 Rg1 62. Kh7 Be7 63. Kh8 Kf6 64. Kh7 Bd8 65. Kh8 Rg5 66. Kh7 Ke7 67. Kh6
Rg1 68. Kh7 Kf6 69. Kh8 Rg2 70. Kh7 Rg3 71. Kh8 Rg5 72. Kh7 Ke7 73. Kh8 Rg1 74.
Kh7 Kd6 75. Kh8 Ke5 76. Kh7 Kf6 1/2-1/2

[Event "Euro Online U2300 Day 2"]
[Site "chess.com INT"]
[Date "2020.05.26"]
[Round "8"]
[White "Tobak, Mikhail"]
[Black "Prydun, Andriy"]
[Result "1-0"]
[BlackTitle "FM"]
[WhiteElo "2067"]
[BlackElo "2254"]
[WhiteFideId "14165570"]
[BlackFideId "14145898"]
[EventDate "2020.05.26"]

1. e4 d5 2. exd5 Qxd5 3. Nc3 Qd6 4. Nf3 c6 5. g3 Nf6 6. Bg2 Bg4 7. O-O e6 8. d3
Be7 9. h3 Bh5 10. Ne2 O-O 11. Nf4 Bxf3 12. Qxf3 Nbd7 13. Be3 Nd5 14. Nxd5 cxd5
15. c3 Rac8 16. Rfe1 Qa6 17. Qe2 b5 18. d4 Qb6 19. a3 a5 20. Bf4 Rfe8 21. h4 Rc4
22. Bd2 Nf6 23. Bg5 Rd8 24. Qf3 Rc6 25. Bf1 h6 26. Bf4 Rdc8 27. Bd3 b4 28. axb4
axb4 29. Ra6 Qb7 30. Rxc6 Qxc6 31. Rc1 Qb6 32. Qe2 Bd6 33. Bd2 Qa7 34. Qd1 bxc3
35. bxc3 e5 36. Ra1 Qc7 37. Bf5 Rb8 38. Qf3 e4 39. Qe3 Qb7 40. g4 Nh7 41. c4 g6
42. Qxh6 gxf5 43. Qxd6 fxg4 44. Qxd5 Qxd5 45. cxd5 Rd8 46. Re1 Nf6 47. Bg5 Rd6
48. Bxf6 Rxf6 49. Rxe4 Rd6 50. Rxg4+ Kh7 51. Rg5 f6 52. Rg3 Rxd5 53. Rg4 Kh6 54.
Kg2 Kh5 55. Rf4 f5 56. Kf3 Ra5 57. Kg3 Rd5 58. Kf3 Ra5 59. Ke2 Ra2+ 60. Kd3 Kg6
61. Kc4 Rd2 62. d5 Kf6 63. h5 Ke5 64. Rf3 f4 65. h6 Rxd5 66. Rh3 Rd8 67. h7 Rh8
68. f3 Kf6 69. Kd5 Kg7 70. Ke5 Rxh7 71. Rxh7+ Kxh7 72. Kxf4 Kg8 73. Kg5 Kg7 74.
Kf5 Kf7 75. f4 1-0